• 首页
  • 本馆介绍
  • 公告通知
  • 最新文献
  • 馆藏检索
  • 电子资源
  • 读者导购
  • 参考咨询
  • 我的图书馆
  • 登录
  • 详细信息显示
  • 放入我的书架
  • 预约/预借图书
  • 作者相关作品
  • 分类相关作品
  • 丛书相关作品
  • 出版社相关作品

书目信息

  • 表格格式
  • 工作单格式
  • 卡片格式
题名:
小学品德与生活 (社会) 课堂教学理论与实践
    
 
作者: 宁仁梅 主编
分册:  
出版信息: 北京   首都师范大学出版社  2015.3
页数: 224页
开本: 24cm
丛书名: 课堂教学理论与实践丛书
单 册:
中图分类: G623.152 , G623.62
科图分类:
主题词: 思想品德课--课堂教学--教学研究--小学 , 劳动课--课堂教学--教学研究--小学 , 社会科学课--课堂教学--教学研究--小学
电子资源:
ISBN: 978-7-5656-2247-2
000 01505nam 2200361 45
001 012001003345
005 20140909111706.0
010    @a978-7-5656-2247-2@dCNY35.00
099    @aCAL 012015133259
100    @a20150714d2015 em y0chiy0110 ea
101 0  @achi
102    @aCN@b110000
105    @ak a 000yy
106    @ar
200 1  @a小学品德与生活 (社会) 课堂教学理论与实践@Axiao xue pin de yu sheng huo ( she hui ) ke tang jiao xue li lun yu shi jian@f本册主编宁仁梅
210    @a北京@c首都师范大学出版社@d2015.3
215    @a224页@d24cm
225 2  @a课堂教学理论与实践丛书@Ake tang jiao xue li lun yu shi jian cong shu@f武忠玲, 吴雁琴主编
300    @a山西省“十二五”农村骨干教师培训研究课题成果
300    @a其他题名:小学品德与生活社会课堂教学理论与实践
320    @a有书目(第221-222页)
330    @a全书涉及小学品德与生活(社会)教师的角色定位、专业化成长; 小学品德与生活(社会)课程的性质、特征、设计思路; 各种版本的教材分析; 分段分类的教学; 现代信息技术与该课程的整合; 备课、上课等常规。
410  0 @12001 @a课堂教学理论与实践丛书
461  0 @12001 @a课堂教学理论与实践丛书@1701 0@a武忠玲, 吴雁琴主编
517 1  @a小学品德与生活社会课堂教学理论与实践
606 0  @a思想品德课@x课堂教学@x教学研究@x小学
606 0  @a劳动课@x课堂教学@x教学研究@x小学
606 0  @a社会科学课@x课堂教学@x教学研究@x小学
690    @aG623.152@v5
690    @aG623.62@v5
701  0 @a宁仁梅@Aning ren mei@4主编
801    @aCN@bAHXH@c20210922
905    @b1325685-9@dG623.152@e2173@f5
    
    小学品德与生活 (社会) 课堂教学理论与实践/本册主编宁仁梅.-北京:首都师范大学出版社,2015.3
    224页;24cm.-(课堂教学理论与实践丛书/武忠玲, 吴雁琴主编)
    山西省“十二五”农村骨干教师培训研究课题成果.-其他题名:小学品德与生活社会课堂教学理论与实践
    
    ISBN 978-7-5656-2247-2:CNY35.00
    全书涉及小学品德与生活(社会)教师的角色定位、专业化成长; 小学品德与生活(社会)课程的性质、特征、设计思路; 各种版本的教材分析; 分段分类的教学; 现代信息技术与该课程的整合; 备课、上课等常规。
●
相关链接 在E读中查询图书 在五车中查询图书 在当当中查询图书 在豆瓣中查询图书


正题名:小学品德与生活 (社会) 课堂教学理论与实践     索取号:G623.152/2173         预约/预借

序号 登录号 条形码 馆藏地/架位号 状态 备注
1 1325685   213256858   第一样本阅览室/ [索取号:G623.152/2173] 在馆    
2 1325686   213256867   教育系资料室/ [索取号:G623.152/2173] 在馆    
3 1325687   213256876   教育系资料室/ [索取号:G623.152/2173] 在馆    
4 1325688   213256885   第四借阅区/ [索取号:G623.152/2173] 在馆    
5 1325689   213256894   第四借阅区/ [索取号:G623.152/2173] 在馆    
唐山师范学院图书馆 欢迎您!
大连网信软件有限公司© 版权所有